A view from the eye of the storm : terror and reason in the Middle East
Αποθηκεύτηκε σε:
| Κύριος συγγραφέας: | |
|---|---|
| Μορφή: | Βιβλίο |
| Γλώσσα: | English |
| Δημοσίευση: |
[New York] :
Harper Collins Publishers,
c2005
|
| Θέματα: | |
| Ετικέτες: |
Προσθήκη ετικέτας
Δεν υπάρχουν, Καταχωρήστε ετικέτα πρώτοι!
|
MARC
| LEADER | 00000cam a2200000 i 4500 | ||
|---|---|---|---|
| 001 | 1/20148 | ||
| 008 | 120605s2005 eng d | ||
| 020 | |a 0-06-083911-2 | ||
| 035 | |l 10112655 | ||
| 040 | |a GR-MY-UA |b gre |e aacr | ||
| 041 | 0 | |a eng | |
| 082 | 0 | |a 956.053 |2 (22) | |
| 100 | 1 | |a Harari, Haim. | |
| 245 | 1 | 2 | |a A view from the eye of the storm : |b terror and reason in the Middle East / |c Haim Harari |
| 260 | |a [New York] : |b Harper Collins Publishers, |c c2005 | ||
| 300 | |a 222 σ.; |c 23 εκ. | ||
| 504 | |a Περιλαμβάνει βιβλιογραφικές παραπομπές και ευρετήριο | ||
| 650 | 0 | 0 | |a Arab-israeli conflict. |
| 651 | 0 | |a Islamic countries |x Relations. | |
| 852 | |a INST |b RHODES |e 20120605 |h 956.053 HAR |p 005400034423 |q 005400034423 |t BK |y 0 | ||
| 901 | |a BIBL4-2012-2 | ||
| 909 | |a Ρ |b 171054 | ||
| 970 | |z 2012/06/05 | ||